[Event "POL-chT 2nd League"]
[Site "Jastrzebia Gora"]
[Date "2016.09.09"]
[Round "7.87"]
[White "Sek, Joachim"]
[Black "Koziol, Pawel"]
[Result "1-0"]
[WhiteElo "2054"]
[BlackElo "1855"]
[PlyCount "105"]
[EventDate "2016.09.03"]
[EventType "team-swiss"]
[EventRounds "9"]
[EventCountry "POL"]
[SourceTitle "EXT 2017"]
[Source "ChessBase"]
[SourceDate "2016.10.25"]
[SourceVersion "1"]
[SourceVersionDate "2016.10.25"]
[SourceQuality "1"]
[WhiteTeam "Ruda Slaska KS DORS"]
[BlackTeam "Skoczek Trojanski"]
[WhiteTeamCountry "POL"]
[BlackTeamCountry "POL"]

1. e4 e5 2. Nf3 Nc6 3. Bb5 a6 4. Bxc6 dxc6 5. 0-0 Qf6 6. d3 Bg4 7. h3 Bxf3 8. Qxf3 Qxf3 9. gxf3 Bd6 10. f4 Ne7 11. fxe5 Bxe5 12. c3 Ng6 13. f4 Bf6 14. d4 0-0-0 15. Be3 Rhe8 16. Nd2 Ne7 17. Rf3 g6 18. Bf2 Rd7 19. Nc4 b6 20. Rf1 Ng8 21. e5 Bd8 22. Ne3 f5 23. Nc2 Be7 24. Rd1 Kb7 25. c4 Red8 26. Kf1 a5 27. Ke2 b5 28. b3 Ra8 29. d5 cxd5 30. cxd5 Rad8 31. Rfd3 Ka6 32. e6 Rd6 33. Bc5 Nf6 34. Bxd6 Bxd6 35. Rf1 Nh5 36. Rdf3 Kb6 37. Ne3 Kc5 38. Rc1+ Kb6 39. Ng2 Nf6 40. Rd3 Ne4 41. Kf3 Nc5 42. Rdd1 a4 43. b4 Ne4 44. a3 Nf6 45. Rd4 Rg8 46. Re1 Be7 47. Ne3 Ne8 48. Rd3 Nd6 49. Nc2 Bh4 50. Re2 Bf6 51. Nd4 Nc4 52. e7 Re8 53. Re6+ 1-0

[Event "POL-chT 2nd League"]
[Site "Jastrzebia Gora"]
[Date "2016.09.05"]
[Round "3.99"]
[White "Bajerlein, Dawid"]
[Black "Sek, Joachim"]
[Result "1/2-1/2"]
[WhiteElo "2104"]
[BlackElo "2054"]
[PlyCount "82"]
[EventDate "2016.09.03"]
[EventType "team-swiss"]
[EventRounds "9"]
[EventCountry "POL"]
[SourceTitle "EXT 2017"]
[Source "ChessBase"]
[SourceDate "2016.10.25"]
[SourceVersion "1"]
[SourceVersionDate "2016.10.25"]
[SourceQuality "1"]
[WhiteTeam "Steszew Lipno"]
[BlackTeam "Ruda Slaska KS DORS"]
[WhiteTeamCountry "POL"]
[BlackTeamCountry "POL"]

1. d4 e6 2. c4 f5 3. Nc3 Nf6 4. Nf3 d5 5. Bf4 c6 6. e3 Be7 7. Bd3 0-0 8. Qc2 Ne4 9. g4 Kh8 10. 0-0-0 Na6 11. a3 Nxc3 12. Qxc3 dxc4 13. Bxc4 Nc7 14. Bxc7 Qxc7 15. Ne5 Bd6 16. f4 Rb8 17. Bb3 Qe7 18. h4 Bd7 19. h5 Bxe5 20. dxe5 Rbd8 21. h6 g6 22. g5 Bc8 23. Rd6 Rde8 24. Rhd1 Qc7 25. Qc5 Qb6 26. Qxb6 axb6 27. R1d4 Kg8 28. Kc2 Kf7 29. Ba2 Ke7 30. b4 b5 31. Kc3 Rd8 32. Rxd8 Rxd8 33. Rxd8 Kxd8 34. Kd4 b6 35. e4 Ke7 36. Bb3 Bd7 37. Bd1 Be8 38. Bf3 Bd7 39. Bh1 Be8 40. Bg2 Bd7 41. Bf3 Be8 1/2-1/2

[Event "POL-chT2"]
[Site "Poronin"]
[Date "2013.09.14"]
[Round "8.86"]
[White "Cukrowski, Filip"]
[Black "Sek, Joachim"]
[Result "1-0"]
[WhiteElo "2219"]
[BlackElo "2102"]
[PlyCount "129"]
[EventDate "2013.09.06"]
[EventType "team-swiss"]
[EventRounds "9"]
[EventCountry "POL"]
[SourceTitle "EXT 2015"]
[Source "ChessBase"]
[SourceDate "2014.11.20"]
[SourceVersion "1"]
[SourceVersionDate "2014.11.20"]
[SourceQuality "1"]
[WhiteTeam "Strzelce Opolskie Strzelec"]
[BlackTeam "Ruda Slaska KS DORS"]
[WhiteTeamCountry "POL"]
[BlackTeamCountry "POL"]

1. e4 e6 2. d4 d5 3. Nc3 Bb4 4. e5 c5 5. a3 Bxc3+ 6. bxc3 Ne7 7. Qg4 0-0 8. Bd3 Nbc6 9. Nf3 f5 10. exf6 Rxf6 11. Bg5 Rf7 12. Ne5 Nxe5 13. dxe5 c4 14. Be2 Qa5 15. Bd2 Qc7 16. Bf4 Qa5 17. Bd2 Qc7 18. Qg3 Nf5 19. Qg5 Qe7 20. g4 Qxg5 21. Bxg5 Ne7 22. Bxe7 Rxe7 23. Kd2 Bd7 24. Ke3 Ba4 25. Rac1 Rf8 26. f4 Ref7 27. Rhf1 g5 28. fxg5 Rxf1 29. Bxf1 Bxc2 30. Bxc4 dxc4 31. Rxc2 Rf1 32. Rd2 Ra1 33. h4 Rh1 34. Rd8+ Kg7 35. Rd7+ Kg6 36. h5+ Kxg5 37. Rxh7 Kxg4 38. Rxb7 Kf5 39. Rxa7 Kxe5 40. Ra5+ Kd6 41. Kf3 Ke7 42. Kg2 Rh4 43. Kg3 Rh1 44. Rc5 Kd6 45. Kg2 Rh4 46. Rg5 Ke7 47. a4 Kf6 48. Rc5 e5 49. a5 Rxh5 50. a6 Rh7 51. Rxc4 Ke6 52. Ra4 Ra7 53. Kf3 Kd5 54. Ke3 Kc5 55. Ke4 Kb5 56. Ra1 Kb6 57. c4 Kc5 58. Ra4 Kd6 59. Ra5 Kc6 60. c5 Kc7 61. Kxe5 Kb8 62. c6 Rh7 63. Rb5+ Ka8 64. Rd5 Rh2 65. c7 1-0

[Event "POL-chT2"]
[Site "Poronin"]
[Date "2013.09.12"]
[Round "6.86"]
[White "Tustanowski, Robert"]
[Black "Sek, Joachim"]
[Result "1/2-1/2"]
[WhiteElo "2297"]
[BlackElo "2102"]
[PlyCount "112"]
[EventDate "2013.09.06"]
[EventType "team-swiss"]
[EventRounds "9"]
[EventCountry "POL"]
[SourceTitle "EXT 2015"]
[Source "ChessBase"]
[SourceDate "2014.11.20"]
[SourceVersion "1"]
[SourceVersionDate "2014.11.20"]
[SourceQuality "1"]
[WhiteTeam "Prudnik LKS Zarzewie"]
[BlackTeam "Ruda Slaska KS DORS"]
[WhiteTeamCountry "POL"]
[BlackTeamCountry "POL"]

1. e4 e6 2. d3 d5 3. Nd2 Nf6 4. Ngf3 Be7 5. g3 b6 6. Qe2 Bb7 7. Bg2 0-0 8. e5 Nfd7 9. 0-0 c5 10. Re1 Nc6 11. h4 Re8 12. c4 f6 13. exf6 Bxf6 14. Nb3 Nf8 15. Bg5 h6 16. Bxf6 Qxf6 17. Ne5 Nxe5 18. Qxe5 Qxe5 19. Rxe5 Red8 20. Rae1 Rab8 21. Bh3 dxc4 22. dxc4 Bc8 23. R5e2 Rd6 24. Nd2 Ba6 25. b3 b5 26. Ne4 Rc6 27. cxb5 Bxb5 28. Rc2 c4 29. bxc4 Bxc4 30. Rec1 Rbc8 31. Nd6 Rxd6 32. Rxc4 Rxc4 33. Rxc4 Ra6 34. a4 Kf7 35. Bf1 Rd6 36. Rc7+ Rd7 37. Rc6 Ke7 38. Ra6 Rc7 39. Bh3 Kf7 40. Kf1 Re7 41. Ke2 g5 42. hxg5 hxg5 43. Rc6 Nd7 44. a5 Ne5 45. Rc5 Kf6 46. Rc8 Rb7 47. Rf8+ Rf7 48. Rh8 Rb7 49. Rh6+ Ng6 50. Bg2 Rb8 51. Ke3 Kg7 52. Rh5 Rb5 53. a6 Ne7 54. Bf1 Ra5 55. Kf3 Ng8 56. Rh2 Nf6 1/2-1/2

[Event "POL-chT2"]
[Site "Poronin"]
[Date "2013.09.09"]
[Round "3.85"]
[White "Kiedrowicz, Jan"]
[Black "Sek, Joachim"]
[Result "1/2-1/2"]
[WhiteElo "2312"]
[BlackElo "2102"]
[PlyCount "92"]
[EventDate "2013.09.06"]
[EventType "team-swiss"]
[EventRounds "9"]
[EventCountry "POL"]
[SourceTitle "EXT 2015"]
[Source "ChessBase"]
[SourceDate "2014.11.20"]
[SourceVersion "1"]
[SourceVersionDate "2014.11.20"]
[SourceQuality "1"]
[WhiteTeam "Chojnice UKS Osemka"]
[BlackTeam "Ruda Slaska KS DORS"]
[WhiteTeamCountry "POL"]
[BlackTeamCountry "POL"]

1. Nf3 e6 2. g3 f5 3. Bg2 Nf6 4. 0-0 d5 5. c4 c6 6. d4 Bd6 7. Nc3 0-0 8. Qd3 Ne4 9. Be3 Nd7 10. Nd2 Ndf6 11. f3 Nxc3 12. bxc3 e5 13. cxd5 Nxd5 14. Bf2 exd4 15. Qxd4 Nb6 16. Nc4 Bc7 17. Nxb6 Qxd4 18. Bxd4 Bxb6 19. Rab1 Rf7 20. Rfd1 Be6 21. Bxb6 axb6 22. Rxb6 Rxa2 23. Rd8+ Rf8 24. Rxf8+ Kxf8 25. Rxb7 Rxe2 26. Rc7 Bd5 27. c4 Bxc4 28. Rxc6 Bd5 29. Rc5 Rd2 30. Rc7 Be6 31. h4 Rd7 32. Rxd7 Bxd7 33. Kf2 Ke7 34. f4 h5 35. Ke3 g6 36. Kd4 Kf6 37. Kd5 Bb5 38. Kc5 Ba4 39. Kd6 Bb5 40. Bb7 Ba4 41. Bc8 Bb5 42. Bd7 Bc4 43. Bc6 Bb3 44. Kd7 Bc4 45. Ke8 Bb3 46. Kf8 Bc4 1/2-1/2

[Event "POL-chT2"]
[Site "Poronin"]
[Date "2013.09.08"]
[Round "2.68"]
[White "Meczynski, Waldemar"]
[Black "Sek, Joachim"]
[Result "1/2-1/2"]
[WhiteElo "2133"]
[BlackElo "2102"]
[PlyCount "110"]
[EventDate "2013.09.06"]
[EventType "team-swiss"]
[EventRounds "9"]
[EventCountry "POL"]
[SourceTitle "EXT 2015"]
[Source "ChessBase"]
[SourceDate "2014.11.20"]
[SourceVersion "1"]
[SourceVersionDate "2014.11.20"]
[SourceQuality "1"]
[WhiteTeam "Konin Hetman"]
[BlackTeam "Ruda Slaska KS DORS"]
[WhiteTeamCountry "POL"]
[BlackTeamCountry "POL"]

1. e4 e6 2. d4 d5 3. Nc3 Bb4 4. e5 c5 5. a3 Bxc3+ 6. bxc3 Ne7 7. a4 Qa5 8. Qd2 Nbc6 9. Nf3 cxd4 10. cxd4 Qxd2+ 11. Kxd2 0-0 12. Ba3 f6 13. Bd3 fxe5 14. dxe5 b6 15. Bd6 Bd7 16. Rhb1 Rf7 17. a5 Nxa5 18. Ng5 h6 19. Nxf7 Kxf7 20. Rb4 Nf5 21. Rf4 g5 22. Rf3 Kg7 23. Bxf5 exf5 24. Rd3 Be6 25. Rxa5 bxa5 26. Ra3 a4 27. Rxa4 a5 28. Bb4 Bd7 29. Rxa5 Rxa5 30. Bxa5 Kf7 31. Ke3 Ke6 32. Kd4 Bb5 33. Bd2 Bf1 34. g3 Bh3 35. Bb4 g4 36. Bf8 h5 37. Bd6 Bf1 38. Ke3 Bb5 39. c3 Be8 40. Kf4 Bb5 41. Kg5 Be8 42. Kh6 Bf7 43. Kg7 Be8 44. Kf8 Bb5 45. Kg7 Bc6 46. Kg6 Be8+ 47. Kg5 Bf7 48. Kf4 Be8 49. f3 Ba4 50. fxg4 hxg4 51. Ke3 Bb5 52. Kf2 Bc4 53. Kg2 Bd3 54. h3 gxh3+ 55. Kxh3 Be2 1/2-1/2

[Event "POL-chT 2nd League"]
[Site "Lazy"]
[Date "2012.09.01"]
[Round "1"]
[White "Sek, Joachim"]
[Black "Helis, Tadeusz"]
[Result "0-1"]
[WhiteElo "2140"]
[BlackElo "2235"]
[PlyCount "102"]
[EventDate "2012.09.01"]
[EventType "team-swiss"]
[EventRounds "9"]
[EventCountry "POL"]
[SourceTitle "EXT 2019"]
[Source "ChessBase"]
[SourceDate "2018.10.10"]
[SourceVersion "1"]
[SourceVersionDate "2018.10.10"]
[SourceQuality "1"]
[WhiteTeam "Dors"]
[BlackTeam "Raciborz Silesia"]
[WhiteTeamCountry "POL"]
[BlackTeamCountry "POL"]

1. e4 c5 2. Nf3 e6 3. d3 Nc6 4. g3 Nf6 5. Bg2 d6 6. 0-0 Be7 7. Nbd2 0-0 8. c3 Rb8 9. d4 cxd4 10. Nxd4 Bd7 11. N2b3 a6 12. Re1 Qc7 13. Nxc6 Bxc6 14. Nd4 Bd7 15. Be3 Rbd8 16. h3 Bc8 17. f4 Rfe8 18. Kh2 Bf8 19. Qb3 Nd7 20. Rad1 e5 21. Nf3 exf4 22. Bxf4 Ne5 23. Nxe5 dxe5 24. Bg5 Rxd1 25. Rxd1 Be6 26. Qa4 Rc8 27. Be3 h6 28. Rd2 Rd8 29. Rxd8 Qxd8 30. Bf1 Be7 31. a3 h5 32. Qc2 h4 33. g4 Bg5 34. Qf2 Bxe3 35. Qxe3 Qd1 36. Qf2 g6 37. c4 Qc1 38. c5 Kg7 39. Kg2 Bd7 40. Bd3 Bc6 41. Kh2 a5 42. b3 Qxa3 43. Bc4 Be8 44. g5 Kg8 45. Bd5 Qb4 46. Qxh4 Qxc5 47. Qh6 Qb6 48. h4 Bd7 49. Kg2 Be6 50. h5 Bxd5 51. exd5 Qxb3 0-1

[Event "POL-chT3 Slaskie"]
[Site "Poland"]
[Date "2008.05.10"]
[Round "7.43"]
[White "Grzenia, Jerzy"]
[Black "Sek, Joachim"]
[Result "0-1"]
[WhiteElo "2113"]
[BlackElo "2186"]
[PlyCount "78"]
[EventDate "2008.02.03"]
[EventType "team-swiss"]
[EventRounds "9"]
[EventCountry "POL"]
[SourceTitle "EXT 2019"]
[Source "ChessBase"]
[SourceDate "2018.10.10"]
[SourceVersion "1"]
[SourceVersionDate "2018.10.10"]
[SourceQuality "1"]

1. Nf3 e6 2. d4 f5 3. g3 Nf6 4. Bg2 d5 5. c4 c6 6. 0-0 Bd6 7. b3 Qe7 8. Bb2 0-0 9. Ne5 Bd7 10. Nd2 Be8 11. cxd5 exd5 12. e3 Nbd7 13. f4 Bh5 14. Bf3 Bxf3 15. Qxf3 Rae8 16. a3 Ne4 17. Nxe4 dxe4 18. Qe2 Nf6 19. b4 Nd5 20. Rfe1 a6 21. Nc4 Bc7 22. Nd2 Qe6 23. Nb1 Rd8 24. Nc3 Rf7 25. Nxd5 Rxd5 26. Rec1 Rfd7 27. Rc2 Bd8 28. Rc5 Be7 29. Rxd5 Rxd5 30. Rc1 a5 31. Qc4 Kf7 32. bxa5 Rxa5 33. Qc3 Qd5 34. Kf2 Rb5 35. Ra1 Rb3 36. Qc1 Qb5 37. Ra2 Qd3 38. d5 cxd5 39. Bd4 Rb1 0-1

[Event "POL-chT3 Slaskie"]
[Site "Poland"]
[Date "2008.03.02"]
[Round "5.4"]
[White "Sek, Joachim"]
[Black "Piesik, Piotr"]
[Result "0-1"]
[WhiteElo "2186"]
[BlackElo "2022"]
[PlyCount "116"]
[EventDate "2008.02.03"]
[EventType "team-swiss"]
[EventRounds "9"]
[EventCountry "POL"]
[SourceTitle "EXT 2019"]
[Source "ChessBase"]
[SourceDate "2018.10.10"]
[SourceVersion "1"]
[SourceVersionDate "2018.10.10"]
[SourceQuality "1"]

1. e4 e6 2. d4 d5 3. e5 c5 4. c3 Qb6 5. Nf3 Nc6 6. a3 c4 7. Nbd2 f6 8. g3 fxe5 9. Nxe5 Nxe5 10. dxe5 Bc5 11. Qe2 Nh6 12. Bg2 0-0 13. 0-0 Bd7 14. Nf3 Ng4 15. h3 Nh6 16. Bxh6 gxh6 17. Rad1 Rae8 18. Nd4 Re7 19. Kh2 Be8 20. f4 Bg6 21. f5 Bxd4 22. fxg6 Rxf1 23. Rxf1 Bc5 24. gxh7+ Rxh7 25. Rf6 Be7 26. Rg6+ Rg7 27. Qg4 Rxg6 28. Qxg6+ Kf8 29. h4 d4 30. cxd4 Qxb2 31. Qxe6 Qxd4 32. Qxh6+ Ke8 33. Qh8+ Bf8 34. Qh5+ Kd8 35. Qh8 Qc5 36. Kh3 c3 37. Be4 Kc7 38. Qh7+ Be7 39. Qf5 Qe3 40. Qe6 Qxe4 41. Qxe7+ Kb6 42. Qd8+ Kb5 43. Qd7+ Qc6 44. Qd3+ Ka5 45. Qc2 Qe6+ 46. g4 Qxe5 47. h5 Qe3+ 48. Kh4 Qe1+ 49. Kh3 Qe3+ 50. Kh4 Qe1+ 51. Kh3 Qd2 52. Qf5+ Ka4 53. Qe4+ Kxa3 54. Qe7+ Ka2 55. Qb4 Qe3+ 56. Kh4 c2 57. Qa4+ Kb2 58. Qb4+ Qb3 0-1

[Event "POL-chT3 Slaskie"]
[Site "Poland"]
[Date "2008.03.02"]
[Round "6.43"]
[White "Sek, Joachim"]
[Black "Przemyk, Grzegorz"]
[Result "1-0"]
[WhiteElo "2186"]
[BlackElo "2078"]
[PlyCount "77"]
[EventDate "2008.02.03"]
[EventType "team-swiss"]
[EventRounds "9"]
[EventCountry "POL"]
[SourceTitle "EXT 2019"]
[Source "ChessBase"]
[SourceDate "2018.10.10"]
[SourceVersion "1"]
[SourceVersionDate "2018.10.10"]
[SourceQuality "1"]

1. e4 c5 2. Nf3 e6 3. d3 Nc6 4. g3 g6 5. Bg2 Bg7 6. 0-0 Nge7 7. Nbd2 d6 8. c3 0-0 9. Nb3 Rb8 10. d4 b6 11. Re1 Qc7 12. d5 exd5 13. exd5 Ne5 14. Nxe5 Bxe5 15. Bg5 f6 16. Bh6 Rf7 17. f4 Nf5 18. fxe5 Nxh6 19. e6 Rf8 20. g4 Kg7 21. Nd2 Ba6 22. h3 Bb5 23. c4 Be8 24. b3 Ng8 25. Qc2 Qe7 26. Qc3 h6 27. Rf1 a6 28. Rf2 g5 29. Raf1 Bg6 30. Be4 Be8 31. Bb1 Rb7 32. Ne4 b5 33. Ng3 Qd8 34. Nf5+ Kh8 35. Qg3 Rb6 36. h4 Bg6 37. hxg5 fxg5 38. e7 Nxe7 39. Qc3+ 1-0

[Event "POL-chT3 Slaskie"]
[Site "Poland"]
[Date "2008.02.19"]
[Round "4.3"]
[White "Sek, Joachim"]
[Black "Kielar, Maciej"]
[Result "1-0"]
[WhiteElo "2186"]
[BlackElo "1985"]
[PlyCount "53"]
[EventDate "2008.02.03"]
[EventType "team-swiss"]
[EventRounds "9"]
[EventCountry "POL"]
[SourceTitle "EXT 2019"]
[Source "ChessBase"]
[SourceDate "2018.10.10"]
[SourceVersion "1"]
[SourceVersionDate "2018.10.10"]
[SourceQuality "1"]

1. e4 e6 2. d4 d5 3. e5 c5 4. c3 Nc6 5. Nf3 Qb6 6. a3 Bd7 7. b4 cxd4 8. cxd4 Rc8 9. Bb2 Na5 10. Nbd2 Nc4 11. Nxc4 dxc4 12. Rc1 a5 13. Nd2 axb4 14. Nxc4 Rxc4 15. Bxc4 bxa3 16. Bc3 Ne7 17. 0-0 Nc6 18. d5 exd5 19. Bxd5 Bf5 20. Qf3 Bg6 21. h4 h5 22. e6 f6 23. Be4 Bxe4 24. Qxe4 Qc7 25. Qg6+ Kd8 26. Rfd1+ Kc8 27. Qe8+ 1-0

[Event "POL-chT3 Slaskie"]
[Site "Poland"]
[Date "2008.02.03"]
[Round "2.3"]
[White "Sek, Joachim"]
[Black "Oczkowski, Stanislaw"]
[Result "1/2-1/2"]
[WhiteElo "2186"]
[BlackElo "2074"]
[PlyCount "111"]
[EventDate "2008.02.03"]
[EventType "team-swiss"]
[EventRounds "9"]
[EventCountry "POL"]
[SourceTitle "EXT 2019"]
[Source "ChessBase"]
[SourceDate "2018.10.10"]
[SourceVersion "1"]
[SourceVersionDate "2018.10.10"]
[SourceQuality "1"]

1. e4 e5 2. Nf3 Nc6 3. Bb5 a6 4. Bxc6 dxc6 5. 0-0 Qd6 6. Na3 Be6 7. Qe2 f6 8. b3 Ne7 9. Rd1 c5 10. Nc4 Qd7 11. c3 Nc6 12. Ne3 Rd8 13. Bb2 Qd3 14. Qxd3 Rxd3 15. Kf1 Be7 16. Ke2 Rd7 17. h3 Kf7 18. d3 Rhd8 19. Nh4 g6 20. g4 Bf8 21. Nc2 Bh6 22. f3 a5 23. Ng2 b6 24. Bc1 Bxc1 25. Raxc1 a4 26. c4 axb3 27. axb3 Ra8 28. Ra1 Rdd8 29. Nge3 Nd4+ 30. Nxd4 exd4 31. Nc2 Bd7 32. Rxa8 Rxa8 33. Ra1 Rxa1 34. Nxa1 f5 35. Nc2 Kf6 36. Ne1 fxg4 37. hxg4 h5 38. gxh5 gxh5 39. f4 Bg4+ 40. Nf3 h4 41. Kf2 h3 42. Kg3 h2 43. Nxh2 Bd1 44. Ng4+ Ke7 45. f5 Bxb3 46. Kf4 b5 47. cxb5 c4 48. dxc4 Bxc4 49. e5 Bxb5 50. e6 Kd6 51. Nf6 Bc6 52. Ng4 Bb7 53. Nh6 d3 54. Nf7+ Ke7 55. Ke3 Be4 56. Nh6 1/2-1/2

[Event "POL-chT3 Liga Slaska"]
[Site "Poland"]
[Date "2007.02.11"]
[Round "3"]
[White "Sek, Joachim"]
[Black "Lukaszek, Stanislaw"]
[Result "1-0"]
[WhiteElo "2186"]
[BlackElo "2088"]
[PlyCount "61"]
[EventDate "2007.01.28"]
[EventType "team-swiss"]
[EventRounds "9"]
[EventCountry "POL"]
[SourceTitle "EXT 2011"]
[Source "ChessBase"]
[SourceDate "2010.11.26"]
[SourceVersion "1"]
[SourceVersionDate "2010.11.26"]
[SourceQuality "1"]
[WhiteTeam "Ruda Slaska KS DORS"]
[BlackTeam "Szombierki TS"]
[WhiteTeamCountry "POL"]
[BlackTeamCountry "POL"]

1. e4 d6 2. d4 Nf6 3. Nc3 g6 4. f4 Bg7 5. Nf3 0-0 6. Bd3 Nc6 7. 0-0 Bg4 8. e5 Nd7 9. Be4 e6 10. h3 Bxf3 11. Bxf3 Nb6 12. Ne2 Qe7 13. c3 a5 14. a4 Nd5 15. Qb3 Nb6 16. Be3 d5 17. Qc2 Kh8 18. Kh2 f6 19. exf6 Qxf6 20. b3 Nc8 21. g4 Nd6 22. Ng3 Qh4 23. Qd2 h6 24. Be2 Ne7 25. Bd3 h5 26. g5 c6 27. Ne2 Ne4 28. Bxe4 dxe4 29. Bf2 e3 30. Qxe3 Nd5 31. Qd2 1-0

[Event "POL-chT 58th 2nd League"]
[Site "Wisla"]
[Date "2002.??.??"]
[Round "?"]
[White "Bakalarz, Leszek"]
[Black "Sek, Joachim"]
[Result "1/2-1/2"]
[WhiteElo "2183"]
[BlackElo "2173"]
[PlyCount "20"]
[EventDate "2002.08.30"]
[EventType "team-swiss"]
[EventRounds "11"]
[EventCountry "POL"]
[SourceTitle "EXT 2019"]
[Source "ChessBase"]
[SourceDate "2018.10.10"]
[SourceVersion "1"]
[SourceVersionDate "2018.10.10"]
[SourceQuality "1"]

1. e4 e6 2. d4 d5 3. Nd2 c5 4. Ngf3 Nc6 5. exd5 exd5 6. Bb5 Bd6 7. dxc5 Bxc5 8. 0-0 Nge7 9. Nb3 Bd6 10. Re1 0-0 1/2-1/2

[Event "POL-chT 58th 2nd League"]
[Site "Wisla"]
[Date "2002.??.??"]
[Round "?"]
[White "Kornasiewicz, Stanislaw"]
[Black "Sek, Joachim"]
[Result "1/2-1/2"]
[WhiteElo "2295"]
[BlackElo "2173"]
[PlyCount "40"]
[EventDate "2002.08.30"]
[EventType "team-swiss"]
[EventRounds "11"]
[EventCountry "POL"]
[SourceTitle "EXT 2019"]
[Source "ChessBase"]
[SourceDate "2018.10.10"]
[SourceVersion "1"]
[SourceVersionDate "2018.10.10"]
[SourceQuality "1"]

1. e4 e6 2. d4 d5 3. Nc3 Bb4 4. exd5 exd5 5. Bd3 Nf6 6. a3 Be7 7. Bf4 Bg4 8. Qd2 c6 9. h3 Bh5 10. Nge2 Bg6 11. Ng3 Nh5 12. Nxh5 Bxh5 13. Ne2 Bg6 14. Ng3 Qd7 15. 0-0 0-0 16. Rae1 Na6 17. Be5 Bd6 18. f4 f6 19. Bxg6 hxg6 20. Bxd6 Qxd6 1/2-1/2

[Event "POL-chT2 South"]
[Site "Ustron"]
[Date "2001.09.??"]
[Round "?"]
[White "Kopacz, Grzegorz"]
[Black "Sek, Joachim"]
[Result "1-0"]
[WhiteElo "2251"]
[BlackElo "2182"]
[PlyCount "87"]
[EventDate "2001.09.14"]
[EventType "team-swiss"]
[EventRounds "10"]
[EventCountry "POL"]
[SourceTitle "EXT 2019"]
[Source "ChessBase"]
[SourceDate "2018.10.10"]
[SourceVersion "1"]
[SourceVersionDate "2018.10.10"]
[SourceQuality "1"]

1. c4 e6 2. g3 f5 3. Bg2 Nf6 4. Nc3 d5 5. d4 c6 6. Nf3 Bd6 7. 0-0 0-0 8. b3 Bd7 9. Ne5 Be8 10. Nd3 Qe7 11. Qc2 Nbd7 12. a4 Ne4 13. f3 Nxc3 14. Qxc3 dxc4 15. bxc4 c5 16. e3 Rc8 17. a5 Rc7 18. f4 Bh5 19. Re1 Rfc8 20. Bb2 b6 21. d5 exd5 22. Bxd5+ Kh8 23. e4 fxe4 24. Rxe4 Qf8 25. Re6 Nf6 26. Rxf6 gxf6 27. Qxf6+ Qxf6 28. Bxf6+ Rg7 29. axb6 axb6 30. Ra7 Bf8 31. Rb7 h6 32. Ne5 Kh7 33. Bxg7 Bxg7 34. Rxb6 Re8 35. Rb5 Kh8 36. Rxc5 Bxe5 37. fxe5 Rxe5 38. h3 Re1+ 39. Kf2 Re2+ 40. Kf1 Rc2 41. Rc8+ Kg7 42. Rg8+ Kf6 43. g4 Bg6 44. Rxg6+ 1-0

[Event "POL-chT2 South"]
[Site "Ustron"]
[Date "2001.09.??"]
[Round "?"]
[White "Sek, Joachim"]
[Black "Siekaniec, Jan"]
[Result "1/2-1/2"]
[WhiteElo "2182"]
[BlackElo "2192"]
[PlyCount "143"]
[EventDate "2001.09.14"]
[EventType "team-swiss"]
[EventRounds "10"]
[EventCountry "POL"]
[SourceTitle "EXT 2019"]
[Source "ChessBase"]
[SourceDate "2018.10.10"]
[SourceVersion "1"]
[SourceVersionDate "2018.10.10"]
[SourceQuality "1"]

1. e4 c5 2. Nf3 d6 3. d3 Nc6 4. g3 g6 5. Bg2 Bg7 6. 0-0 e6 7. c3 Nge7 8. Na3 0-0 9. Be3 b6 10. d4 Bb7 11. Qd2 Nb8 12. dxc5 dxc5 13. Nb5 Nbc6 14. Rfd1 Qxd2 15. Rxd2 Na5 16. Nd6 Ba6 17. Bf1 Bxf1 18. Kxf1 Nec6 19. Rad1 h6 20. Rd3 Rfd8 21. Nb5 Rxd3 22. Rxd3 Nc4 23. b3 N4e5 24. Nxe5 Nxe5 25. Rd1 a6 26. Na3 Ng4 27. c4 Nxh2+ 28. Kg2 Ng4 29. Bc1 Bf8 30. Nc2 h5 31. Bb2 Bg7 32. Bxg7 Kxg7 33. f3 Ne5 34. Rd6 Rb8 35. Ne3 Rb7 36. f4 Nd7 37. e5 Kf8 38. Kf3 Ke7 39. Ke4 Rb8 40. Rd2 Rd8 41. Rh2 Nb8 42. g4 Rd4+ 43. Kf3 hxg4+ 44. Nxg4 Nc6 45. Rh8 Rd8 46. Rxd8 Kxd8 47. Ke4 Nb4 48. a3 Nc2 49. Kd3 Ne1+ 50. Ke4 a5 51. Ne3 Kd7 52. Nf1 Ng2 53. Nd2 Nh4 54. Nb1 Nf5 55. Nc3 Kc6 56. Nb5 Ng3+ 57. Kf3 Nf5 58. Ke4 Kd7 59. Kd3 Ng3 60. Ke3 Nh5 61. Nc3 Ng7 62. Ke4 Ne8 63. Nb5 f6 64. exf6 Nxf6+ 65. Ke5 Ng4+ 66. Ke4 Ke7 67. Nc3 Nf6+ 68. Kf3 Nd7 69. Ne4 Nf6 70. Nc3 Kd6 71. Nb5+ Kc6 72. Na7+ 1/2-1/2

[Event "POL-chT Region"]
[Site "Poland"]
[Date "1999.??.??"]
[Round "?"]
[White "Cudnik, Andrzej"]
[Black "Sek, Joachim"]
[Result "1/2-1/2"]
[WhiteElo "2138"]
[BlackElo "2232"]
[PlyCount "34"]
[EventDate "1999.??.??"]
[EventType "team"]
[EventRounds "13"]
[EventCountry "POL"]
[SourceTitle "EXT 2002"]
[Source "ChessBase"]
[SourceDate "2001.11.25"]
[SourceVersion "1"]
[SourceVersionDate "2001.11.25"]
[SourceQuality "1"]

1. e4 e6 2. c4 d5 3. exd5 exd5 4. d4 Nf6 5. Nc3 c6 6. Nf3 Be7 7. h3 0-0 8. Be3 dxc4 9. Bxc4 Nbd7 10. 0-0 Nb6 11. Bb3 Nbd5 12. Bg5 Be6 13. Re1 Re8 14. Rc1 h6 15. Bxf6 Bxf6 16. Nxd5 cxd5 17. Ba4 Re7 1/2-1/2

[Event "POL-chT 2nd div South"]
[Site "Polanica Zdroj"]
[Date "1999.??.??"]
[Round "1"]
[White "Ograbek, Grzegorz"]
[Black "Sek, Joachim"]
[Result "1-0"]
[WhiteElo "2245"]
[BlackElo "2232"]
[PlyCount "40"]
[EventDate "1999.09.17"]
[EventType "team-swiss"]
[EventRounds "10"]
[EventCountry "POL"]
[SourceTitle "EXT 2001"]
[Source "ChessBase"]
[SourceDate "2000.11.22"]
[SourceVersion "1"]
[SourceVersionDate "2000.11.22"]
[SourceQuality "1"]
[WhiteTeam "POL-chT 2nd div South 09"]
[BlackTeam "POL-chT 2nd div South 11"]
[WhiteTeamCountry "POL"]
[BlackTeamCountry "POL"]

1. d4 e6 2. c4 f5 3. Nf3 Nf6 4. g3 d5 5. Bg2 c6 6. 0-0 Bd6 7. Nc3 0-0 8. b3 Bd7 9. Bb2 Be8 10. Ne5 Nbd7 11. Nd3 g5 12. Qc1 Ne4 13. Nxe4 fxe4 14. Nc5 Nxc5 15. dxc5 Be7 16. Bh3 Bd7 17. Qe3 Bf6 18. Bxf6 Qxf6 19. Rad1 Qh6 20. Bg2 Qg7 1-0

[Event "POL-chT 2nd div South"]
[Site "Polanica Zdroj"]
[Date "1999.??.??"]
[Round "4"]
[White "Sek, Joachim"]
[Black "Kasperek, Wieslaw"]
[Result "1/2-1/2"]
[WhiteElo "2232"]
[BlackElo "2230"]
[PlyCount "40"]
[EventDate "1999.09.17"]
[EventType "team-swiss"]
[EventRounds "10"]
[EventCountry "POL"]
[SourceTitle "EXT 2001"]
[Source "ChessBase"]
[SourceDate "2000.11.22"]
[SourceVersion "1"]
[SourceVersionDate "2000.11.22"]
[SourceQuality "1"]
[WhiteTeam "POL-chT 2nd div South 11"]
[BlackTeam "POL-chT 2nd div South 16"]
[WhiteTeamCountry "POL"]
[BlackTeamCountry "POL"]

1. e4 c5 2. Nf3 e6 3. d3 Nc6 4. g3 d5 5. Nbd2 Nf6 6. Bg2 Be7 7. 0-0 0-0 8. Re1 Qc7 9. c3 b6 10. Qe2 Bb7 11. e5 Nd7 12. Nf1 Rfe8 13. Bf4 Nf8 14. Rac1 Qd7 15. a3 a5 16. h4 a4 17. h5 h6 18. N3h2 Nh7 19. Ng4 Bf8 20. d4 Ne7 1/2-1/2